000 00576nam a2200181Ia 4500
008 090124s9999 xx 000 0 und d
082 _b126479
100 _aमाशेलकर चंद्रकांत नारायण
245 _a सार्थक
250 _a1
260 _c1994
300 _a191
600 _aमाशेलकर चंद्रकांत नारायण
630 _a सार्थक
700 _aमाशेलकर चंद्रकांत नारायण
730 _a सार्थक
942 _cBOOK
999 _c172569
_d172569